[Event "4NCL Online Division 2"]
[Site "online"]
[Date "2020.05.19"]
[Round "7.74"]
[White "Howell, Matthew G"]
[Black "O'Neill, Paul"]
[Result "1-0"]
[WhiteElo "1832"]
[BlackElo "2052"]
[PlyCount "103"]
[EventDate "2020.05.19"]
[WhiteTeam "Sussex Starlings"]
[BlackTeam "Exeter Honey Badgers"]

1. e4 e5 2. Nf3 Nc6 3. Bc4 Nf6 4. Ng5 d5 5. exd5 Na5 6. Bb5+ c6 7. dxc6 bxc6 8.
Bd3 Nd5 9. Ne4 Nf4 10. Qf3 f5 11. Ng3 Nxd3+ 12. cxd3 Qf6 13. Nc3 Bd6 14. O-O
O-O 15. b3 Bb7 16. Bb2 Rad8 17. Rfe1 c5 18. Qh5 g6 19. Qh3 Bb8 20. Nf1 Ba6 21.
Na4 Rxd3 22. Re3 Rd5 23. Ba3 Rc8 24. Qf3 Rdd8 25. Bxc5 e4 26. Qd1 Nc6 27. b4
Ne5 28. Nb2 Ng4 29. Qb3+ Kg7 30. Rh3 Be5 31. Rb1 Rxc5 32. bxc5 Rb8 33. Qa4 Bxb2
34. Rxb2 Rxb2 35. Qd7+ Qf7 36. Rxh7+ Kxh7 37. Qxf7+ Kh6 38. h3 Rb1 39. hxg4
Bxf1 40. Kh2 Kg5 41. gxf5 gxf5 42. c6 Rb6 43. Qg7+ Kf4 44. c7 Rc6 45. g3+ Kf3
46. Qh7 f4 47. gxf4 Bg2 48. Qh5+ Kxf2 49. Qh4+ Kf1 50. f5 Bf3 51. Qf4 a5 52. f6
1-0

[Event "4NCL Online Division 2"]
[Site "online"]
[Date "2020.05.19"]
[Round "7.81"]
[White "Carroll, Peter"]
[Black "Hasson, Peter"]
[Result "1-0"]
[WhiteElo "2009"]
[BlackElo "2095"]
[PlyCount "125"]
[EventDate "2020.05.19"]
[WhiteTeam "Gonzaga C-ing is Believing"]
[BlackTeam "CSC 1"]

1. e4 e6 2. d4 d5 3. Nc3 Nc6 4. Nf3 Nf6 5. e5 Ne4 6. Ne2 f6 7. Ng3 fxe5 8. Bb5
exd4 9. Nxe4 dxe4 10. Nxd4 Qd5 11. Nxc6 a6 12. Ba4 Bd7 13. O-O Bxc6 14. Bxc6+
Qxc6 15. Qh5+ g6 16. Qe5 Rg8 17. Bg5 Bg7 18. Bf6 Kf7 19. Bxg7 Rxg7 20. Rfe1 Kg8
21. Qxe4 Qxe4 22. Rxe4 Rd8 23. Rxe6 Rgd7 24. Kf1 Rd2 25. Re2 Kf7 26. Rae1 R8d7
27. f4 h5 28. Rxd2 Rxd2 29. Re2 Rd4 30. g3 Kf6 31. Kg2 Rd1 32. Kf3 a5 33. Ke3
Kf5 34. Rd2 Rxd2 35. Kxd2 Kg4 36. Ke3 Kh3 37. Kf3 Kxh2 38. g4 hxg4+ 39. Kxg4
Kg2 40. c4 a4 41. b4 a3 42. c5 c6 43. f5 gxf5+ 44. Kxf5 Kf3 45. Ke5 Ke3 46. Kd6
Kd3 47. Kc7 Kc4 48. Kxb7 Kxb4 49. Kxc6 Kc3 50. Kb5 Kb2 51. c6 Kxa2 52. c7 Kb2
53. c8=Q a2 54. Qh8+ Kb1 55. Qh1+ Kb2 56. Kb4 a1=Q 57. Qh2+ Kc1 58. Qg1+ Kb2
59. Qf2+ Kc1 60. Qe1+ Kb2 61. Qd2+ Kb1 62. Kb3 Qc3+ 63. Kxc3 1-0

[Event "4NCL Online Division 2"]
[Site "online"]
[Date "2020.05.19"]
[Round "7.82"]
[White "Frostick, Clive A"]
[Black "Casey, Eoghan"]
[Result "1/2-1/2"]
[WhiteElo "2108"]
[BlackElo "1954"]
[PlyCount "123"]
[EventDate "2020.05.19"]
[WhiteTeam "CSC 1"]
[BlackTeam "Gonzaga C-ing is Believing"]

1. e4 c5 2. Nf3 g6 3. c3 Nf6 4. e5 Nd5 5. d4 cxd4 6. Qxd4 e6 7. Bc4 Nc6 8. Qe4
Nb6 9. Bb3 Bg7 10. O-O d5 11. exd6 Qxd6 12. Na3 O-O 13. Nb5 Qc5 14. a4 Na5 15.
Ba2 Qc6 16. Qh4 e5 17. Bh6 Bxh6 18. Qxh6 Qf6 19. b4 Nc6 20. a5 Nd7 21. Rad1 Qg7
22. Qxg7+ Kxg7 23. Nd6 Nf6 24. Ng5 Nd8 25. Rfe1 h6 26. Nge4 Nxe4 27. Nxe4 Be6
28. Bxe6 Nxe6 29. Rd7 b6 30. Ra1 Rfd8 31. Rad1 Kf8 32. axb6 axb6 33. Rxd8+ Rxd8
34. Rxd8+ Nxd8 35. Nd6 Nc6 36. Nc4 b5 37. Na3 Na7 38. Kf1 Ke7 39. Ke2 Kd6 40.
Kd3 f5 41. f3 Kd5 42. Nxb5 Nxb5 43. c4+ Kc6 44. cxb5+ Kxb5 45. Kc3 g5 46. g4 f4
47. h3 Kc6 48. Kd3 Kb5 49. Ke4 Kxb4 50. Kxe5 Kc4 51. Kf5 Kd4 52. h4 Ke3 53.
hxg5 hxg5 54. Kxg5 Kxf3 55. Kh5 Ke2 56. g5 f3 57. g6 f2 58. g7 f1=Q 59. g8=Q
Qh1+ 60. Kg6 Qg2+ 61. Kf7 Qxg8+ 62. Kxg8 1/2-1/2

[Event "4NCL Online Division 2"]
[Site "online"]
[Date "2020.05.19"]
[Round "7.83"]
[White "Nolan, Dermot"]
[Black "Saidmurodov, Shahjahon"]
[Result "1-0"]
[WhiteElo "1845"]
[BlackElo "2132"]
[PlyCount "89"]
[EventDate "2020.05.19"]
[WhiteTeam "Gonzaga C-ing is Believing"]
[BlackTeam "CSC 1"]

1. e4 b6 2. d4 Bb7 3. Nc3 e6 4. Nf3 Bb4 5. Bd3 Nf6 6. Qe2 d5 7. Bg5 dxe4 8.
Bxe4 Bxe4 9. Bxf6 Qd5 10. Bh4 Nd7 11. O-O Bxc3 12. bxc3 Bxf3 13. gxf3 Nf6 14.
Rfd1 O-O-O 15. a4 Qh5 16. Bg3 Qd5 17. a5 b5 18. a6 h5 19. Ra5 c6 20. c4 Qf5 21.
cxb5 Nd5 22. bxc6 Nc3 23. Qe5 Qxe5 24. Bxe5 f6 25. Rd3 Nd5 26. c7 Rd7 27. Rb5
Nb6 28. Bf4 g5 29. Bd2 Rxc7 30. Ba5 Rc6 31. Rdb3 Kc7 32. c4 Rxc4 33. Rc5+ Kd7
34. Bxb6 Rxd4 35. Rc7+ Kd6 36. Bxd4 Kxc7 37. Bxf6 Rf8 38. Bxg5 Rf5 39. Be3 Ra5
40. Rb7+ Kd6 41. Rxa7 Ke5 42. Ra8 h4 43. h3 Ra2 44. a7 Ra3 45. Rh8 1-0

[Event "4NCL Online Division 2"]
[Site "online"]
[Date "2020.05.19"]
[Round "7.84"]
[White "Garwood, Colin"]
[Black "Moran, Darragh"]
[Result "0-1"]
[WhiteElo "2140"]
[BlackElo "1868"]
[PlyCount "146"]
[EventDate "2020.05.19"]
[WhiteTeam "CSC 1"]
[BlackTeam "Gonzaga C-ing is Believing"]

1. d4 d5 2. c4 c6 3. Nf3 Nf6 4. Nc3 e6 5. Bg5 h6 6. Bh4 dxc4 7. e3 b5 8. a4 Qb6
9. Bxf6 gxf6 10. Nd2 Bb4 11. Qf3 Nd7 12. axb5 Bb7 13. Nxc4 Qc7 14. Qg3 Qxg3 15.
hxg3 cxb5 16. Na5 Bxa5 17. Rxa5 a6 18. Kd2 Ke7 19. Bd3 Bxg2 20. Rha1 Bb7 21.
Be4 Bxe4 22. Nxe4 f5 23. Nc3 Nb6 24. b3 b4 25. Na4 Nxa4 26. R1xa4 Rhc8 27. Rxb4
Rab8 28. Rxb8 Rxb8 29. Kc3 Rb6 30. b4 Kd6 31. Rc5 Rc6 32. Kb3 Rb6 33. Ka4 Rb8
34. Rc1 f6 35. Rh1 Rc8 36. Kb3 Rh8 37. Ra1 Ra8 38. b5 a5 39. Rc1 a4+ 40. Ka3
Kd5 41. Rc6 Ra5 42. Rc5+ Kd6 43. Kb4 Ra8 44. Rc6+ Kd5 45. Rc2 f4 46. gxf4 a3
47. Ra2 h5 48. f3 h4 49. Kc3 h3 50. e4+ Kd6 51. Kb3 Rh8 52. Rh2 Ra8 53. Ra2 Kc7
54. f5 exf5 55. e5 fxe5 56. dxe5 Rh8 57. Rh2 Ra8 58. Ra2 Kb6 59. e6 Kxb5 60. e7
Kc6 61. Rh2 Kd7 62. e8=Q+ Rxe8 63. Rxh3 Re3+ 64. Ka2 Ke6 65. Rh6+ Ke5 66. Ra6
Kf4 67. Rf6 Kg5 68. Rf8 Rxf3 69. Rg8+ Kf4 70. Rf8 Re3 71. Rf7 Kg4 72. Rg7+ Kf3
73. Rf7 f4 0-1

[Event "4NCL Online Division 2"]
[Site "online"]
[Date "2020.05.19"]
[Round "7.91"]
[White "Friedgood, David"]
[Black "Tanmay Chopra"]
[Result "0-1"]
[WhiteElo "2188"]
[BlackElo "2273"]
[PlyCount "110"]
[EventDate "2020.05.19"]
[WhiteTeam "Higgie's Heroes"]
[BlackTeam "Harrow 1"]

1. c4 c5 2. Nf3 Nc6 3. g3 g6 4. Bg2 Bg7 5. O-O d6 6. Nc3 Bf5 7. d3 Qd7 8. Nd5
Rc8 9. Rb1 Bh3 10. Qa4 Bxg2 11. Kxg2 e6 12. Nc3 Nge7 13. Bd2 O-O 14. a3 f5 15.
b4 b6 16. e3 h6 17. b5 Nd8 18. Qd1 Qb7 19. Kg1 g5 20. Qe2 Ng6 21. Rfc1 Nf7 22.
Ne1 g4 23. h4 h5 24. Qf1 Rcd8 25. Qg2 Qxg2+ 26. Kxg2 d5 27. cxd5 exd5 28. Ne2
Rfe8 29. Kf1 d4 30. exd4 Bxd4 31. Nxd4 Rxd4 32. Bc3 Rd6 33. Rb2 f4 34. Rd2 Nh6
35. Re2 Rxe2 36. Kxe2 Nf5 37. gxf4 Nxf4+ 38. Kf1 Re6 39. Rc2 Nxh4 40. d4 cxd4
41. Bxd4 Rxe1+ 42. Kxe1 Nf3+ 43. Kf1 Nxd4 44. Rc4 Nfe6 45. a4 Kf7 46. Rc8 Ke7
47. Ra8 h4 48. Rxa7+ Kd6 49. Rh7 h3 50. Rh5 Nf3 51. Rh6 Kd5 52. Rg6 h2 53. Rh6
Nf4 54. Rh8 Nd2+ 55. Ke1 Nh3 0-1

[Event "4NCL Online Division 2"]
[Site "online"]
[Date "2020.05.19"]
[Round "7.92"]
[White "Nettleton, Charlie B"]
[Black "Whyte, Brian G"]
[Result "1/2-1/2"]
[WhiteElo "2125"]
[BlackElo "2048"]
[PlyCount "91"]
[EventDate "2020.05.19"]
[WhiteTeam "Harrow 1"]
[BlackTeam "Higgie's Heroes"]

1. e4 e5 2. Nc3 Nf6 3. f4 d5 4. fxe5 Nxe4 5. Nf3 Bc5 6. d4 Bb4 7. Bd2 c5 8. a3
Bxc3 9. Bxc3 Nxc3 10. bxc3 O-O 11. Bd3 Nc6 12. O-O c4 13. Be2 Bg4 14. Qd2 Bh5
15. Rab1 Qe7 16. Rb5 Rad8 17. Ne1 Bxe2 18. Qxe2 f6 19. Nf3 a6 20. Rbb1 Rde8 21.
Qd2 fxe5 22. dxe5 Qc5+ 23. Kh1 Nxe5 24. Nxe5 Rxe5 25. Rxf8+ Qxf8 26. a4 Rf5 27.
h3 Qf7 28. Kg1 h6 29. Qd4 b5 30. axb5 axb5 31. Rxb5 Rf1+ 32. Kh2 Qc7+ 33. g3
Qf7 34. Qxd5 Qxd5 35. Rxd5 Rf2+ 36. Kg1 Rxc2 37. Rd4 Rxc3 38. Kf2 Kf7 39. h4 h5
40. g4 hxg4 41. Rxg4 Kf6 42. Ke2 Rc2+ 43. Kd1 Rh2 44. Rxc4 Kg6 45. Rg4+ Kh6 46.
Ke1 1/2-1/2

[Event "4NCL Online Division 2"]
[Site "online"]
[Date "2020.05.19"]
[Round "7.93"]
[White "Miceli, Carl"]
[Black "Coles, Steven F"]
[Result "1-0"]
[WhiteElo "2020"]
[BlackElo "2080"]
[PlyCount "157"]
[EventDate "2020.05.19"]
[WhiteTeam "Higgie's Heroes"]
[BlackTeam "Harrow 1"]

1. Nf3 d5 2. g3 c6 3. Bg2 Nf6 4. O-O Bf5 5. d4 e6 6. Nh4 Bg4 7. Nc3 Be7 8. h3
Bh5 9. Nf3 Nbd7 10. Bf4 O-O 11. Qd2 a6 12. e3 h6 13. a3 c5 14. Ne5 Nxe5 15.
dxe5 Nd7 16. g4 Bg6 17. Ne2 f6 18. exf6 Nxf6 19. Ng3 Nd7 20. Ne2 Nf6 21. Ng3
Bd6 22. Bxd6 Qxd6 23. c4 Rad8 24. cxd5 exd5 25. Rad1 Rfe8 26. Qc3 Qe7 27. Rc1
b6 28. Rfd1 Ne4 29. Nxe4 Bxe4 30. Qb3 Bxg2 31. Kxg2 Qe4+ 32. Kh2 Rf8 33. Qc2
Qf3 34. Rd2 Rd6 35. Qd1 Qe4 36. Qc2 Qe5+ 37. Kg2 h5 38. Rh1 Rdf6 39. Qd3 b5 40.
f4 Qe4+ 41. Qxe4 dxe4 42. Rhd1 hxg4 43. hxg4 Rc6 44. Kg3 c4 45. Rc2 Rfc8 46.
Rd4 c3 47. Rxe4 cxb2 48. Rxb2 Rc3 49. a4 bxa4 50. Rxa4 Rxe3+ 51. Kh4 Re6 52.
Rb7 Rh6+ 53. Kg5 Rhc6 54. Ra7 Rc5+ 55. f5 a5 56. R4xa5 Rxa5 57. Rxa5 Rc7 58.
Ra6 Kf7 59. Ra4 Rb7 60. Kh5 Kf6 61. Ra6+ Kf7 62. g5 Rc7 63. g6+ Ke7 64. Kg5 Rb7
65. f6+ gxf6+ 66. Rxf6 Rb1 67. Rf4 Rh1 68. g7 Rg1+ 69. Kh6 Rh1+ 70. Kg6 Rg1+
71. Kh7 Rh1+ 72. Kg8 Rh2 73. Re4+ Kd7 74. Kf7 Rf2+ 75. Kg6 Rg2+ 76. Kf6 Rg1 77.
Re5 Rf1+ 78. Kg6 Rg1+ 79. Rg5 1-0

[Event "4NCL Online Division 2"]
[Site "online"]
[Date "2020.05.19"]
[Round "7.94"]
[White "Chan, Nevil"]
[Black "McMahon, Timothy P"]
[Result "1/2-1/2"]
[WhiteElo "2042"]
[BlackElo "1937"]
[PlyCount "77"]
[EventDate "2020.05.19"]
[WhiteTeam "Harrow 1"]
[BlackTeam "Higgie's Heroes"]

1. d4 Nf6 2. Nc3 d5 3. Bg5 h6 4. Bxf6 exf6 5. e3 Bb4 6. Bd3 c5 7. dxc5 Bxc3+ 8.
bxc3 O-O 9. Ne2 Nd7 10. O-O Nxc5 11. c4 Nxd3 12. Qxd3 dxc4 13. Qxc4 Be6 14. Qb4
Qb6 15. Qxb6 axb6 16. Nd4 Bxa2 17. f3 b5 18. Kf2 Bc4 19. Rfb1 Ra6 20. Rc1 Rfa8
21. Rab1 Ra5 22. Ke1 g6 23. Kd2 Kf8 24. Rb2 Ra2 25. Rcb1 Rxb2 26. Rxb2 Ra5 27.
Rb1 Ke7 28. Kc3 Ra3+ 29. Kd2 Ra5 30. Nb3 Bxb3 31. Rxb3 Kd6 32. Kc3 Kc5 33. Kb2
b6 34. Rd3 Ra7 35. Rc3+ Kd5 36. Rb3 Kc4 37. Rc3+ Kd5 38. Rd3+ Kc5 39. Rc3+
1/2-1/2

[Event "4NCL Online Division 2"]
[Site "online"]
[Date "2020.05.19"]
[Round "7.101"]
[White "Twine, David"]
[Black "Savidge, Daniel"]
[Result "1-0"]
[WhiteElo "2072"]
[BlackElo "2155"]
[PlyCount "81"]
[EventDate "2020.05.19"]
[WhiteTeam "Plymouth"]
[BlackTeam "Bristol University A"]

1. e4 d6 2. d4 Nf6 3. Nc3 Nbd7 4. f4 e5 5. Nf3 exd4 6. Qxd4 c6 7. Be3 d5 8. e5
Ng4 9. Bg1 Bc5 10. Qd2 Bxg1 11. Rxg1 Qb6 12. Na4 Qe3+ 13. Qxe3 Nxe3 14. Bd3 b5
15. Nc3 Nc5 16. Ke2 Nf5 17. g4 Ne7 18. Ke3 h5 19. h3 Bd7 20. b4 Nxd3 21. cxd3
a5 22. a3 hxg4 23. hxg4 f6 24. f5 Bxf5 25. gxf5 Nxf5+ 26. Kf4 Rh5 27. Rh1 Rxh1
28. Rxh1 axb4 29. Rh8+ Ke7 30. Rxa8 bxc3 31. exf6+ gxf6 32. Ne1 Nd4 33. Ke3 c5
34. Rb8 f5 35. Rc8 f4+ 36. Kxf4 b4 37. axb4 cxb4 38. Ke5 Kd7 39. Rc5 Ne6 40.
Rb5 Ng5 41. Kxd5 1-0

[Event "4NCL Online Division 2"]
[Site "online"]
[Date "2020.05.19"]
[Round "7.102"]
[White "Vaughan, Alex"]
[Black "Pollock, Richard M"]
[Result "1-0"]
[WhiteElo "1975"]
[BlackElo "2072"]
[PlyCount "65"]
[EventDate "2020.05.19"]
[WhiteTeam "Bristol University A"]
[BlackTeam "Plymouth"]

1. e4 d6 2. d4 Nf6 3. Nc3 g6 4. f4 Bg7 5. Nf3 O-O 6. Bd3 Na6 7. O-O c5 8. d5
Nc7 9. a4 b6 10. Qe1 e6 11. dxe6 fxe6 12. e5 Nfd5 13. Ne4 dxe5 14. fxe5 Nb4 15.
Nf6+ Bxf6 16. exf6 Nxd3 17. cxd3 Qxf6 18. Bh6 Bb7 19. Bxf8 Bxf3 20. Bh6 g5 21.
Bxg5 Qxg5 22. Rxf3 Kh8 23. Rf7 Rg8 24. Qe4 Rg7 25. Raf1 Rxf7 26. Rxf7 Qc1+ 27.
Kf2 Qd2+ 28. Kf3 Qd1+ 29. Kg3 Qh5 30. Rxc7 Qg5+ 31. Qg4 Qe5+ 32. Qf4 Qe1+ 33.
Kh3 1-0

[Event "4NCL Online Division 2"]
[Site "online"]
[Date "2020.05.19"]
[Round "7.103"]
[White "Brooks, Paul"]
[Black "Luc, Ethan"]
[Result "0-1"]
[WhiteElo "1907"]
[BlackElo "1990"]
[PlyCount "94"]
[EventDate "2020.05.19"]
[WhiteTeam "Plymouth"]
[BlackTeam "Bristol University A"]

1. c4 e5 2. Nc3 b6 3. e4 Bc5 4. g3 Nf6 5. Bg2 Bb7 6. h3 O-O 7. Nge2 Nc6 8. O-O
Nd4 9. d3 c6 10. a3 d5 11. b4 Nxe2+ 12. Nxe2 Be7 13. Bb2 dxe4 14. dxe4 Qc7 15.
Qc2 a5 16. Bc3 Bd6 17. Rab1 Qe7 18. g4 axb4 19. axb4 Ra7 20. Qb2 Rfa8 21. Ra1
h5 22. f3 hxg4 23. hxg4 Bc8 24. Rxa7 Rxa7 25. Ng3 c5 26. b5 Nh7 27. Nf5 Bxf5
28. gxf5 Nf6 29. Ra1 Rxa1+ 30. Qxa1 Nh5 31. Bd2 g6 32. fxg6 fxg6 33. Qc1 Nf4
34. Bxf4 exf4 35. Qd2 Be5 36. Qd5+ Kh7 37. Qc6 Bd4+ 38. Kf1 Kg8 39. Qd5+ Kh7
40. Qc6 Kh6 41. Qc8 Qf7 42. Qh3+ Kg7 43. Qc8 Qxc4+ 44. Ke1 Qc1+ 45. Ke2 Qe3+
46. Kd1 Qg1+ 47. Kc2 Qxg2+ 0-1

[Event "4NCL Online Division 2"]
[Site "online"]
[Date "2020.05.19"]
[Round "7.104"]
[White "Lampard, Alice"]
[Black "Butland, Nick J"]
[Result "1/2-1/2"]
[WhiteElo "2005"]
[BlackElo "1922"]
[PlyCount "115"]
[EventDate "2020.05.19"]
[WhiteTeam "Bristol University A"]
[BlackTeam "Plymouth"]

1. d4 Nf6 2. c4 e5 3. dxe5 Ne4 4. Nf3 b6 5. Nbd2 Bb7 6. a3 a5 7. Qc2 Nxd2 8.
Bxd2 Nc6 9. e3 Bc5 10. Bc3 O-O 11. Be2 Qe7 12. Rd1 d6 13. exd6 Bxd6 14. Qf5 f6
15. h4 Ne5 16. h5 Rad8 17. O-O g6 18. hxg6 hxg6 19. Qh3 Kg7 20. Nxe5 fxe5 21.
f4 Bc8 22. Qg3 Qe6 23. fxe5 Be7 24. Rxd8 Rxd8 25. Rf6 Bxf6 26. exf6+ Kf7 27.
Qxc7+ Rd7 28. Qf4 Bb7 29. Qh6 Qf5 30. Qg7+ Ke6 31. Qg8+ Kd6 32. Qb8+ Ke6 33.
Qe8+ Kd6 34. Qf8+ Kc7 35. Qh8 g5 36. Qh2+ Kc8 37. Qh8+ Kc7 38. g4 Qe4 39. Qh2+
Kc8 40. Kf2 Rf7 41. Qg3 Rd7 42. Bd4 Rxd4 43. exd4 Qxd4+ 44. Qe3 Qxf6+ 45. Kg3
Qxb2 46. Qe6+ Kb8 47. Qd6+ Ka7 48. Qd3 Qe5+ 49. Kf2 Qf4+ 50. Ke1 Qc1+ 51. Kf2
Qf4+ 52. Ke1 Qc1+ 53. Bd1 Qf4 54. Qe2 Qg3+ 55. Qf2 Qxa3 56. Qd2 Qg3+ 57. Kf1
Qe5 58. Be2 1/2-1/2

[Event "4NCL Online Division 2"]
[Site "online"]
[Date "2020.05.19"]
[Round "7.111"]
[White "Alizada, Eldar"]
[Black "Wilson, David Jn"]
[Result "1-0"]
[WhiteElo "2057"]
[BlackElo "2050"]
[PlyCount "109"]
[EventDate "2020.05.19"]
[WhiteTeam "Schach Attack"]
[BlackTeam "Mushrooms 1"]

1. d4 Nf6 2. c4 g6 3. Nc3 Bg7 4. e4 O-O 5. f3 d6 6. Be3 c6 7. Bd3 a6 8. Nge2 b5
9. Qd2 Re8 10. O-O e5 11. d5 bxc4 12. Bxc4 Bb7 13. dxc6 Nxc6 14. Nd5 Na5 15.
Nxf6+ Bxf6 16. Bd5 Rc8 17. Rac1 Nc6 18. Rfd1 Be7 19. a3 Qd7 20. Qd3 Kg7 21. b4
Na7 22. a4 Bxd5 23. Qxd5 Nc6 24. b5 Nb4 25. Qxe5+ dxe5 26. Rxd7 Rxc1+ 27. Nxc1
axb5 28. axb5 Nc2 29. Ba7 Bg5 30. Nd3 Nd4 31. Bxd4 exd4 32. b6 Rb8 33. b7 Be3+
34. Kf1 Kf6 35. Nc5 Bf4 36. Na6 Re8 37. g3 Bb8 38. Rxd4 Ke7 39. Rc4 Kd7 40. Rc8
Rxc8 41. bxc8=Q+ Kxc8 42. Nxb8 Kxb8 43. Ke2 Kc7 44. Ke3 Kc6 45. Kf4 h6 46. Ke5
Kd7 47. Kf6 Ke8 48. f4 h5 49. e5 h4 50. gxh4 Kf8 51. f5 gxf5 52. Kxf5 Ke7 53.
h5 Kf8 54. h6 Kg8 55. Kf6 1-0

[Event "4NCL Online Division 2"]
[Site "online"]
[Date "2020.05.19"]
[Round "7.112"]
[White "Linton, William A"]
[Black "Burrows, Nick"]
[Result "0-1"]
[WhiteElo "2027"]
[BlackElo "2072"]
[PlyCount "148"]
[EventDate "2020.05.19"]
[WhiteTeam "Mushrooms 1"]
[BlackTeam "Schach Attack"]

1. e4 c6 2. d4 d5 3. exd5 cxd5 4. Bd3 Nc6 5. c3 Qc7 6. Ne2 Bg4 7. h3 Bh5 8. Qb3
Bxe2 9. Bxe2 e6 10. O-O Nf6 11. Be3 Bd6 12. Nd2 O-O 13. Rac1 Rac8 14. c4 Qb8
15. Rfd1 h6 16. c5 Bf4 17. Nf3 Bxe3 18. Qxe3 b6 19. Ba6 Rc7 20. Qa3 Ne4 21. b4
bxc5 22. bxc5 Qb4 23. Qd3 Qa5 24. Bc4 Nb4 25. Qe2 Nxc5 26. Bxd5 Nxd5 27. dxc5
Rxc5 28. Rxc5 Qxc5 29. Qd2 Rc8 30. Nd4 a6 31. Nb3 Qb4 32. Qd3 Qb5 33. Qxb5 axb5
34. Nd4 b4 35. Kf1 Rc4 36. Rd2 Kf8 37. Ke2 Rc3 38. g3 Ra3 39. Nc6 Rxa2 40. Rxa2
Nc3+ 41. Kd3 Nxa2 42. Kc2 Nc3 43. Nxb4 Ne4 44. Nd3 Ke7 45. Kd1 Kd6 46. Ke2 e5
47. h4 f5 48. Ke3 Nc5 49. Nb4 Nd7 50. Nc2 Nf6 51. f3 Kc5 52. Ne1 Nd5+ 53. Kd3
Nb4+ 54. Ke3 Kd5 55. Ng2 Nc2+ 56. Kd3 Nb4+ 57. Ke3 Ke6 58. Ne1 Nd5+ 59. Kd3 Nf6
60. Ke3 e4 61. fxe4 fxe4 62. Ng2 Ke5 63. Nf4 Nd5+ 64. Nxd5 Kxd5 65. g4 g5 66.
hxg5 hxg5 67. Ke2 Kd4 68. Kd2 e3+ 69. Ke2 Ke4 70. Ke1 Kf3 71. Kf1 Kxg4 72. Ke2
Kf4 73. Kf1 Kf3 74. Ke1 e2 0-1

[Event "4NCL Online Division 2"]
[Site "online"]
[Date "2020.05.19"]
[Round "7.113"]
[White "MacQueen, Stuart"]
[Black "Ortiz Sanchez, Luis"]
[Result "0-1"]
[WhiteElo "2095"]
[BlackElo "1982"]
[PlyCount "66"]
[EventDate "2020.05.19"]
[WhiteTeam "Schach Attack"]
[BlackTeam "Mushrooms 1"]

1. d4 d6 2. c4 e5 3. e3 Be7 4. Bd3 f5 5. Nc3 Nf6 6. b3 O-O 7. Nge2 Qe8 8. Ba3
Nc6 9. Nb5 Bd8 10. dxe5 Nxe5 11. O-O Qh5 12. Nf4 Qh4 13. Nh3 Ne4 14. f4 Ng4 15.
Bxe4 fxe4 16. Qd5+ Kh8 17. Qxe4 Nf6 18. Qf3 a6 19. Nd4 c5 20. Ne2 Bg4 21. Qg3
Qh5 22. Nc3 Ne4 23. Nxe4 Bh4 24. Nhf2 Bxg3 25. Nxg3 Qg6 26. Nxg4 Qxg4 27. Rad1
Rad8 28. Bb2 Rfe8 29. Rfe1 Rxe3 30. Rxe3 Qxd1+ 31. Kf2 Qd2+ 32. Re2 Qxf4+ 33.
Kg1 Kg8 0-1

[Event "4NCL Online Division 2"]
[Site "online"]
[Date "2020.05.19"]
[Round "7.114"]
[White "Nash, Richard J"]
[Black "Moyse, Nigel John"]
[Result "0-1"]
[WhiteElo "1937"]
[BlackElo "2035"]
[PlyCount "112"]
[EventDate "2020.05.19"]
[WhiteTeam "Mushrooms 1"]
[BlackTeam "Schach Attack"]

1. d4 Nf6 2. c4 g6 3. Nc3 Bg7 4. e4 d6 5. Nge2 O-O 6. Ng3 Nbd7 7. Be2 e5 8. d5
a5 9. h4 h5 10. Bg5 Qe8 11. Qd2 Kh7 12. f3 Nc5 13. Nf1 Ng8 14. g4 f6 15. Be3
Bh6 16. g5 Bg7 17. Nb5 Qd8 18. O-O-O b6 19. Rg1 f5 20. Bxc5 bxc5 21. Ng3 f4 22.
Nh1 Bd7 23. Nc3 a4 24. Nf2 Qb8 25. Bf1 Qb4 26. Nd3 Qa5 27. Rh1 Bc8 28. Qc2 Ne7
29. Bh3 Bxh3 30. Rxh3 Nc8 31. Nb1 Nb6 32. Nd2 Rfb8 33. Rh2 Rb7 34. Nb1 Qa6 35.
Na3 Nd7 36. Qc3 Qa5 37. Qxa5 Rxa5 38. Rc2 Bf8 39. Kd2 Nb8 40. Nb5 c6 41. Nc3
cxd5 42. exd5 Na6 43. a3 Nc7 44. Ne4 Ne8 45. Rc3 Ra6 46. Ke2 Rab6 47. Rb1 Ng7
48. Nf6+ Kh8 49. Rcc1 Nf5 50. Kf2 Rb3 51. Ke2 Nd4+ 52. Kd2 Nxf3+ 53. Kc2 Nxh4
54. Rh1 Nf5 55. Rbe1 Ne3+ 56. Kc1 Rxd3 0-1

[Event "4NCL Online Division 2"]
[Site "online"]
[Date "2020.05.19"]
[Round "7.121"]
[White "Fraser-Mitchell, Jeremy N"]
[Black "Foord, Dominic"]
[Result "0-1"]
[WhiteElo "2058"]
[BlackElo "2267"]
[PlyCount "48"]
[EventDate "2020.05.19"]
[WhiteTeam "St Albans 1"]
[BlackTeam "Liverpool"]

1. d4 Nf6 2. c4 e6 3. Nc3 Bb4 4. f3 O-O 5. e4 c5 6. d5 b5 7. Nh3 bxc4 8. Bxc4
exd5 9. Bxd5 Nxd5 10. Qxd5 Ba6 11. Bg5 Qb6 12. Kf2 Nc6 13. Rhd1 Nd4 14. Rd2 Bb7
15. Qxd7 Bc8 16. Qa4 Bxh3 17. gxh3 Qe6 18. Rg1 Qxh3 19. Qd1 f5 20. e5 Qxh2+ 21.
Rg2 Qxe5 22. f4 Qe6 23. a3 Ba5 24. Rd3 Rae8 0-1

[Event "4NCL Online Division 2"]
[Site "online"]
[Date "2020.05.19"]
[Round "7.122"]
[White "Rodrigo Yanguas, Maria"]
[Black "Gooding, Ian"]
[Result "1-0"]
[WhiteElo "2230"]
[BlackElo "2080"]
[PlyCount "85"]
[EventDate "2020.05.19"]
[WhiteTeam "Liverpool"]
[BlackTeam "St Albans 1"]

1. e4 e6 2. d4 d5 3. Nd2 Be7 4. e5 c5 5. c3 cxd4 6. cxd4 Nh6 7. Bd3 Nc6 8. Ndf3
Nf5 9. Ne2 Qb6 10. O-O Bd7 11. Bxf5 exf5 12. Nf4 Be6 13. h4 O-O-O 14. a3 Na5
15. b4 Nc4 16. g3 Kb8 17. Nd2 Qxd4 18. Ne2 Qxa1 19. Nb3 Qxe5 20. Bf4 f6 21. Nc5
Bc8 22. Nd4 Ka8 23. Bxe5 fxe5 24. Nb5 Kb8 25. a4 b6 26. Nd3 Ba6 27. Nc3 Bf6 28.
b5 Bb7 29. Nb4 d4 30. Qe2 Na5 31. Nd1 Rhe8 32. Na6+ Bxa6 33. bxa6 Rd5 34. Qh5
Rc8 35. Qxf5 h6 36. Qe4 Rcd8 37. f4 Nc4 38. fxe5 Nd2 39. Qf4 Nxf1 40. exf6+ Ka8
41. f7 Rf8 42. Qf3 Ne3 43. Nxe3 1-0

[Event "4NCL Online Division 2"]
[Site "online"]
[Date "2020.05.19"]
[Round "7.123"]
[White "Ellis, Aidan B"]
[Black "Ali, Rashid Mohammed Amin"]
[Result "0-1"]
[WhiteElo "1967"]
[BlackElo "2117"]
[PlyCount "94"]
[EventDate "2020.05.19"]
[WhiteTeam "St Albans 1"]
[BlackTeam "Liverpool"]

1. e4 c6 2. d4 d5 3. e5 Bf5 4. h4 h6 5. g4 Be4 6. f3 Bh7 7. e6 fxe6 8. Bd3 Qd6
9. Bxh7 Qg3+ 10. Kf1 Rxh7 11. Qd3 Rh8 12. Ne2 Qc7 13. Nf4 Nf6 14. Qg6+ Kd7 15.
Qf7 Na6 16. Qxe6+ Ke8 17. Kg2 Qd7 18. Qxd7+ Kxd7 19. Bd2 e6 20. Nc3 Bd6 21. Ng6
Rhe8 22. a3 e5 23. dxe5 Bxe5 24. Nxe5+ Rxe5 25. Rae1 Rxe1 26. Rxe1 Nc7 27. Ne2
Re8 28. Nd4 Rxe1 29. Bxe1 h5 30. Kg3 c5 31. Nf5 Ne6 32. g5 Ng8 33. Bc3 d4 34.
Bd2 g6 35. Nh6 Ne7 36. f4 Ng7 37. Nf7 Ngf5+ 38. Kh3 Ke6 39. Ne5 Kd5 40. b3 Ke4
41. Nd3 b6 42. a4 Nd5 43. Ne5 Nfe3 44. Nxg6 Kf5 45. Ne5 Nxf4+ 46. Kg3 Kxe5 47.
c3 Nf1+ 0-1

[Event "4NCL Online Division 2"]
[Site "online"]
[Date "2020.05.19"]
[Round "7.124"]
[White "Hardman, Michael J"]
[Black "Collopy, Robert"]
[Result "1-0"]
[WhiteElo "2042"]
[BlackElo "2012"]
[PlyCount "129"]
[EventDate "2020.05.19"]
[WhiteTeam "Liverpool"]
[BlackTeam "St Albans 1"]

1. d4 Nf6 2. Nf3 g6 3. c4 c5 4. g3 Bg7 5. Bg2 O-O 6. O-O cxd4 7. Nxd4 d6 8. Nc3
a6 9. b3 Qc7 10. Bb2 e6 11. Rc1 Rd8 12. e3 e5 13. Nde2 Bg4 14. Qd2 Nbd7 15. Nd5
Nxd5 16. Bxd5 Nf6 17. Bg2 Qd7 18. Nc3 Bh3 19. Nd5 Bxg2 20. Kxg2 Ne4 21. Qe2 Ng5
22. h4 Qh3+ 23. Kg1 Ne4 24. Rfd1 g5 25. Qf3 Nc5 26. Qg2 Qxg2+ 27. Kxg2 gxh4 28.
gxh4 f5 29. Ne7+ Kf7 30. Nxf5 Bf6 31. f3 Ke6 32. e4 Rg8+ 33. Kf1 Rad8 34. Rc2
b5 35. Rcd2 Nb7 36. cxb5 axb5 37. Ba3 Be7 38. Bb4 Rd7 39. Rd5 Rc8 40. R1d2 Rc1+
41. Kf2 Nc5 42. Nxe7 Kxe7 43. Bxc5 Rxc5 44. Rxc5 dxc5 45. Rxd7+ Kxd7 46. Ke3
Kd6 47. Kd3 h5 48. Kc3 Kc6 49. Kd3 Kd6 50. Ke3 Kc6 51. f4 exf4+ 52. Kxf4 c4 53.
bxc4 bxc4 54. Ke3 Kc5 55. e5 Kd5 56. e6 Kxe6 57. Kd4 Kf5 58. a4 Kg4 59. a5 Kxh4
60. a6 Kh3 61. a7 h4 62. a8=Q Kh2 63. Qf3 h3 64. Qg4 c3 65. Kxc3 1-0

[Event "4NCL Online Division 2"]
[Site "online"]
[Date "2020.05.19"]
[Round "7.131"]
[White "Lock, Gavin R"]
[Black "John, Joshua"]
[Result "1-0"]
[WhiteElo "2107"]
[BlackElo "2042"]
[PlyCount "67"]
[EventDate "2020.05.19"]
[WhiteTeam "Wessex Some Stars A"]
[BlackTeam "CSC 2"]

1. d4 Nf6 2. Nf3 e6 3. g3 d5 4. Bg2 c6 5. O-O Bd6 6. c4 b6 7. Qc2 Nbd7 8. cxd5
cxd5 9. Qc6 Bb8 10. Qxa8 Qc7 11. Bf4 e5 12. dxe5 Bb7 13. exf6 Qc8 14. fxg7 Rg8
15. Rc1 Qxc1+ 16. Bxc1 Bxa8 17. Bh6 Nf6 18. Nc3 Ng4 19. Bd2 Rxg7 20. Nd4 Be5
21. e3 Nf6 22. Rc1 Kd7 23. Nce2 Ne4 24. Bxe4 dxe4 25. Bc3 Rg8 26. Nf5 Bc7 27.
Rd1+ Ke6 28. Ned4+ Ke5 29. Ne7 Re8 30. Nb5+ Ke6 31. Nxc7+ Kxe7 32. Nxe8 Kxe8
33. Bf6 Bc6 34. Rd8# 1-0